Регионална библиотека "Любен Каравелов" - Русе

Энциклопедия для детей (Запис номер 36698)

MARC детайли
000 -Лидер
Контролно поле с фиксирана дължина 02436nam a2200517 c 4500
003 - Код на организацията, давaща контролен номер
Контролно поле BLK
005 - Дата и час на последна редакция
Контролно поле 20180420220930.0
008 - Елементи от данни с фиксирана дължина
fixed length control field 180408b bul|||||r ||||||| ||bul||
010 ## - Наследен системен номер
LC control number KNG00039763000
020 ## - Международен стандартен номер на книга ISBN
Международен стандартен номер на книга ISBN 5-94623-001-8
-- издат.: Аванта+ - (многотомно)
020 ## - Международен стандартен номер на книга ISBN
Международен стандартен номер на книга ISBN 5-89501-010-5
-- издат.: Аванта+ - на том(т.6, ч. 1)
040 ## - Източник на каталожния запис
Идентификатор на билиотеката - собственик на записа BLK
041 ## - Код за език
Код за езика на текст/звукозапис или на отделно заглавие Руски
Код за езика КДБФ Руски
080 ## - УДК
Текстов определител УДК Общи енциклопедии. Енциклопедични речници. Научни справочници. Отраслови енциклопедии и справочници се класират в съответните отдели с определител за форма
УДК код - определител по УДК 03
УДК определител
УДК - код + определител 03
080 ## - УДК
Текстов определител УДК Религия. Теология. Вж и 141.4; 322 ; 348
УДК код - определител по УДК 2
УДК определител (091)(035)
УДК - код + определител 2(091)(035)
139 ## - Редно поле
Редна дума Энциклопедия для детей
Авторски знак Энц - Э 67
245 10 - Сведения за заглавието
Заглавие Энциклопедия для детей
Подзаглавни данни Т. 1 -
Редно поле (дума) глав. ред. Мария Аксенова.
Том Т. 6
Заглавие на том Религии мира
250 ## - Област на изданието
Сведения за изданието 3. перераб. и доп. изд.
257 ## - Страна на издаване
Страна на създаване/издаване Русия
260 ## - Област на издателските данни
-- Москва
Година на издаване 1997 -
Печатница Москва : 1-а Образцовая типогр.
300 ## - Физическа характеристика
Размери/Мащаб 27 см
380 ## - Жанр
Жанр Детска отраслова лит.
500 ## - Общи забележки
Забележка Офс. изд.
650 #4 - Допълнително описание по предмет – тема
Основно описание – тема или топоним Енциклопедии, детски
9 (RLIN) 154962
650 #4 - Допълнително описание по предмет – тема
Основно описание – тема или топоним Религии - енциклопедии, речници и справочници
9 (RLIN) 269003
653 ## - Ключова дума – ненормативна
Ключова дума енциклопедии
653 ## - Ключова дума – ненормативна
Ключова дума религии
653 ## - Ключова дума – ненормативна
Ключова дума шаманизъм
653 ## - Ключова дума – ненормативна
Ключова дума друиди
653 ## - Ключова дума – ненормативна
Ключова дума езичество
653 ## - Ключова дума – ненормативна
Ключова дума зороастризъм
653 ## - Ключова дума – ненормативна
Ключова дума митраизъм
653 ## - Ключова дума – ненормативна
Ключова дума манихейство
653 ## - Ключова дума – ненормативна
Ключова дума юдаизъм
653 ## - Ключова дума – ненормативна
Ключова дума индуизъм
653 ## - Ключова дума – ненормативна
Ключова дума джайнизъм
653 ## - Ключова дума – ненормативна
Ключова дума сикхизъм
653 ## - Ключова дума – ненормативна
Ключова дума будизъм
700 1# - Други автори (авторска отговорност)
Лично име Аксенова, Мария
Автороска отговорност (Описва отношението между автора и произведението) глав. ред.
9 (RLIN) 275079
760 1# - Описание на основната серия
-- - (многотомно)
Издание 3. перераб. и доп. изд.
Място на издаване, издател и година Аванта+, 1997
Свързани части Ч.1. Религии древности ; Религии Ирана ; Иудаизм ; Религии Индии
Страници - том 704 с. : с цв. ил.
Забележка - том 20 000 тир. - Терминол. речник.
Заглавие Т. 6 Религии мира
852 ## - Местоположение
Форматна сигнатура Цб ІІ 10492
856 4# - Електронен адрес и достъп
Електронен формат pdf - файл
Път до файла /url/
856 4# - Електронен адрес и достъп
Електронен формат pdf - файл
Път до файла /url/
942 ## - АРТИКУЛИ
Вид на библиотечния материал Книги
Скрит в OPAC Не
944 ## - СЪЗДАВАНЕ И РЕДАКЦИЯ на ЗАПИСА
Създаване/Редакция Създаване
Дата на регистрацията/редакция 16.06.2003
Служител, извършил регистрацията/редакцията Геновева_Генчева
944 ## - СЪЗДАВАНЕ И РЕДАКЦИЯ на ЗАПИСА
Създаване/Редакция Редакция
Дата на регистрацията/редакция 10.01.2008
Служител, извършил регистрацията/редакцията
999 ## - СИСТЕМНИ КОНТРОЛНИ НОМЕРА
Koha biblionumber 36698
Koha biblioitemnumber 36698
Наличности
Код за отписване Код за изгубен артикул Източник на класификационната схема Код за повреда Коз за рестрикции Код за отдаване Артикулен № Име на библиотеката - собственик Име на библиотеката, в която се намира в момента Статус (Текущо местоположение) Дата на вписване в системата Местоположение - отдел Цена в лева Инвентарен номер Систематично азбучна сигнатура Баркод Номер на екземпляра Цена в евро Служебна бележка Служебен тип на артикула
  Не е изгубен Universal Decimal Classification Не е повреден без рестрикции ползва се в читалня 57738 Регионална библиотека "Любен Каравелов" Русе Регионална библиотека "Любен Каравелов" Русе Детски отдел - справочен фонд 1997-01-01 Детски отдел - справочен фонд 17.00 652307 СД 03/Э 67 120000652307 1 8.69 Дост: Pk Вид: Ф N: стар фонд Дата: 01.01.1997 Дата инв: 20.11.2017 Бележки инв: СД2017 Книги
Vip Innovations Ltd, Rousse, Bulgaria 2025